Rugby World Cup - Cities that have hosted the most games - Statistics

General Stats
  • This quiz has been taken 241 times
  • The average score is 10 of 12
Answer Stats
Games City % Correct
27 London
99%
14 Paris
96%
18 Sydney
96%
20 Auckland
92%
12 Wellington
92%
23 Cardiff
86%
7 Melbourne
85%
9 Dublin
84%
14 Brisbane
83%
13 Edinburgh
77%
7 Dunedin
47%
7 Toulouse
33%
No matching quizzes found
Score Distribution
Percent of People with Each Score
Percentile by Number Answered
Your Score History
You have not taken this quiz